| 000 | 00521nam a2200205Ia 4500 | ||
|---|---|---|---|
| 008 | 170918s9999 xx 000 0 und d | ||
| 020 | _a9780545254007 | ||
| 050 | _bC255 2009 | ||
| 100 | _aCapucilli, Alyssa Satin | ||
| 245 | _aBiscuit takes a walk / | ||
| 245 | _cAlyssa Satin Capucilli ; pictures Pat Schories. | ||
| 260 | _aNew York : | ||
| 260 | _bScholastic, | ||
| 260 | _c2009 | ||
| 300 | _a24 pages : | ||
| 300 | _bcolored illustration ; | ||
| 300 | _c23cm. | ||
| 440 | _aI can read!. | ||
| 500 | _aBR | ||
| 999 |
_c340959 _d340959 |
||